Statistics for Guess The TV Show By A Main Character's Name

Click here to take the quiz!

General Stats

  • This quiz has been taken 219 times
  • The average score is 6 of 8

Answer Stats

HintAnswer% Correct
Peter GriffinFamily Guy
91%
Sheldon CooperBig Bang Theory
87%
Chandler BingFriends
83%
ElmoSesame Street
74%
Jerry SeinfeldSeinfeld
72%
Michael ScottThe Office
71%
Eric CartmanSouth Park
70%
Captain KirkStar Trek
57%

Score Distribution

Percentile by Number Answered

Percent of People with Each Score

Your Score History

You have not taken this quiz